[Event "WYCC Girls U14"]
[Site "Porto Carras"]
[Date "2015.10.28"]
[Round "4.9"]
[White "Gajcin, Marina"]
[Black "Grigorieva, Yulia"]
[Result "1/2-1/2"]
[BlackElo "1935"]
[WhiteElo "2017"]
[LiveChessVersion "1.4.6"]

1. e4 {[%clk 1:30:55]} e5 {[%clk 1:30:49]} 2. Nf3 {[%clk 1:31:20]} Nc6
{[%clk 1:31:14]} 3. Bc4 {[%clk 1:31:44]} Nf6 {[%clk 1:31:36]} 4. d3
{[%clk 1:32:00]} Be7 {[%clk 1:31:43]} 5. O-O {[%clk 1:31:41]} d6 {[%clk 1:31:44]}
6. a4 {[%clk 1:30:53]} O-O {[%clk 1:30:59]} 7. Re1 {[%clk 1:30:20]} Kh8
{[%clk 1:28:31]} 8. h3 {[%clk 1:24:28]} Ng8 {[%clk 1:25:21]} 9. a5
{[%clk 1:17:47]} a6 {[%clk 1:22:56]} 10. Nc3 {[%clk 1:08:43]} f5 {[%clk 1:18:08]}
11. exf5 {[%clk 1:05:30]} Bxf5 {[%clk 1:15:48]} 12. Nd5 {[%clk 1:00:59]} Qd7
{[%clk 1:06:49]} 13. Nxe7 {[%clk 0:49:37]} Ngxe7 {[%clk 1:04:14]} 14. Bb3
{[%clk 0:44:30]} h6 {[%clk 0:50:51]} 15. Nh4 {[%clk 0:29:51]} Nd4
{[%clk 0:39:29]} 16. Ba4 {[%clk 0:24:18]} Qe6 {[%clk 0:31:13]} 17. c3
{[%clk 0:22:40]} Ndc6 {[%clk 0:21:04]} 18. Nxf5 {[%clk 0:22:27]} Qxf5
{[%clk 0:20:11]} 19. Rf1 {[%clk 0:22:17]} Nxa5 {[%clk 0:15:10]} 20. Bc2
{[%clk 0:19:32]} Nac6 {[%clk 0:12:41]} 21. d4 {[%clk 0:19:50]} Qf7
{[%clk 0:10:49]} 22. Qd3 {[%clk 0:19:17]} Qg8 {[%clk 0:05:37]} 23. dxe5
{[%clk 0:13:14]} Nxe5 {[%clk 0:04:59]} 24. Qe4 {[%clk 0:13:33]} N7c6
{[%clk 0:04:14]} 25. Qh4 {[%clk 0:10:19]} Qc4 {[%clk 0:02:20]} 26. Qg3
{[%clk 0:08:14]} Rae8 {[%clk 0:01:39]} 27. Ra4 {[%clk 0:07:55]} Qe2
{[%clk 0:00:43]} 28. Bb1 {[%clk 0:07:10]} Rf6 {[%clk 0:00:38]} 29. Re4
{[%clk 0:06:36]} Qb5 {[%clk 0:00:38]} 30. c4 {[%clk 0:05:10]} Qb6
{[%clk 0:00:37]} 31. Be3 {[%clk 0:04:09]} Qxb2 {[%clk 0:00:39]} 32. f4
{[%clk 0:03:59]} Ref8 {[%clk 0:00:48]} 33. Bf2 {[%clk 0:01:31]} Nd7
{[%clk 0:00:39]} 34. Qe3 {[%clk 0:00:41]} Nc5 {[%clk 0:00:36]} 35. Re8
{[%clk 0:00:56]} Qb3 {[%clk 0:00:38]} 36. Qe2 {[%clk 0:00:43]} a5
{[%clk 0:00:36]} 37. Bxc5 {[%clk 0:00:41]} dxc5 {[%clk 0:00:35]} 38. Qe4
{[%clk 0:00:37]} Kg8 {[%clk 0:00:36]} 39. Qd5+ {[%clk 0:00:40]} Kh8
{[%clk 0:00:41]} 40. Qe4 {[%clk 0:30:37]} Kg8 {[%clk 0:30:43]} 41. Re1
{[%clk 0:20:47]} g6 {[%clk 0:18:33]} 42. Qd5+ {[%clk 0:10:43]} Kg7
{[%clk 0:16:13]} 43. Qd7+ {[%clk 0:09:50]} R6f7 {[%clk 0:11:45]} 44. Qg4
{[%clk 0:09:51]} Rf6 {[%clk 0:07:46]} 45. Rxf8 {[%clk 0:07:24]} Kxf8
{[%clk 0:08:06]} 46. Qd7 {[%clk 0:07:38]} Rf7 {[%clk 0:06:59]} 47. Qe6 Ne7
{[%clk 0:00:40]} 48. Bxg6 {[%clk 0:05:19]} Nxg6 {[%clk 0:00:53]} 49. Qxg6
{[%clk 0:05:41]} Qc3 {[%clk 0:00:41]} 50. Qxh6+ {[%clk 0:04:54]} Qg7
{[%clk 0:00:54]} 51. Qxg7+ {[%clk 0:02:23]} Kxg7 {[%clk 0:01:10]} 52. Re5
{[%clk 0:01:45]} Rxf4 {[%clk 0:00:57]} 53. Rxc5 c6 {[%clk 0:01:07]} 54. Rxa5
{[%clk 0:01:40]} Rxc4 {[%clk 0:01:30]} 55. Ra7 {[%clk 0:01:28]} Rb4
{[%clk 0:01:46]} 56. Kf2 {[%clk 0:01:07]} Kg6 {[%clk 0:00:56]} 57. g4
{[%clk 0:00:39]} Kg5 {[%clk 0:00:52]} 58. Ra8 {[%clk 0:00:50]} Rb2+
{[%clk 0:00:58]} 59. Kg3 {[%clk 0:01:07]} Rb3+ {[%clk 0:01:20]} 60. Kg2
{[%clk 0:01:18]} Rb2+ {[%clk 0:00:55]} 61. Kf3 {[%clk 0:01:34]} Rb3+
{[%clk 0:01:22]} 1/2-1/2

[Event "WYCC Girls U14"]
[Site "Porto Carras"]
[Date "2015.10.28"]
[Round "4.10"]
[White "Zhao, Shengxin"]
[Black "Sibajeva, Marija"]
[Result "0-1"]
[BlackElo "1930"]
[WhiteElo "2007"]
[LiveChessVersion "1.4.6"]

1. d4 {[%clk 1:30:53]} d5 {[%clk 1:30:48]} 2. c4 {[%clk 1:31:12]} dxc4
{[%clk 1:31:08]} 3. e4 {[%clk 1:30:37]} Nc6 {[%clk 1:31:21]} 4. d5
{[%clk 1:23:47]} Ne5 {[%clk 1:31:44]} 5. Qd4 {[%clk 1:14:29]} Nd3+
{[%clk 1:31:24]} 6. Bxd3 {[%clk 1:14:48]} cxd3 {[%clk 1:31:40]} 7. Qxd3
{[%clk 1:15:16]} e6 {[%clk 1:31:19]} 8. Nc3 {[%clk 1:14:32]} Nf6 {[%clk 1:30:47]}
9. Qb5+ {[%clk 1:09:20]} Qd7 {[%clk 1:30:33]} 10. dxe6 {[%clk 1:09:04]} fxe6
{[%clk 1:30:51]} 11. Nf3 {[%clk 1:06:51]} a6 {[%clk 1:27:45]} 12. Qb3
{[%clk 1:04:40]} Bc5 {[%clk 1:25:06]} 13. O-O {[%clk 1:00:56]} O-O
{[%clk 1:24:07]} 14. Bg5 {[%clk 0:44:08]} Qf7 {[%clk 1:18:26]} 15. Rad1
{[%clk 0:41:23]} b5 {[%clk 1:16:27]} 16. Ne5 {[%clk 0:34:21]} Qh5
{[%clk 1:14:02]} 17. Bxf6 {[%clk 0:34:41]} Rxf6 {[%clk 1:12:58]} 18. Rd8+
{[%clk 0:35:05]} Rf8 {[%clk 1:12:00]} 19. Rxf8+ {[%clk 0:35:23]} Bxf8
{[%clk 1:07:33]} 20. f4 {[%clk 0:27:53]} Bd6 {[%clk 1:06:54]} 21. Nd3
{[%clk 0:26:38]} c5 {[%clk 1:06:53]} 22. e5 {[%clk 0:11:59]} Bf8 {[%clk 1:03:55]}
23. Nf2 {[%clk 0:08:34]} Qf5 {[%clk 1:00:27]} 24. Ne2 {[%clk 0:08:34]} Bb7
{[%clk 1:00:12]} 25. Ng3 {[%clk 0:07:38]} c4 {[%clk 0:54:33]} 26. Qe3
{[%clk 0:04:39]} Qc2 {[%clk 0:53:21]} 27. f5 {[%clk 0:03:01]} exf5
{[%clk 0:46:41]} 28. Qb6 {[%clk 0:02:06]} Bd5 {[%clk 0:41:37]} 29. Rd1
{[%clk 0:02:31]} f4 {[%clk 0:39:53]} 30. Rxd5 {[%clk 0:02:14]} fxg3
{[%clk 0:40:15]} 31. hxg3 {[%clk 0:02:19]} Qxb2 {[%clk 0:36:14]} 32. Qc6
{[%clk 0:01:14]} Ra7 {[%clk 0:30:55]} 33. Qe6+ {[%clk 0:00:47]} Rf7
{[%clk 0:31:02]} 34. Nd1 {[%clk 0:00:48]} Qe2 {[%clk 0:29:36]} 35. Kh2
{[%clk 0:01:05]} Qh5+ {[%clk 0:28:39]} 36. Kg1 {[%clk 0:01:29]} Qg6
{[%clk 0:24:20]} 37. Qh3 {[%clk 0:01:50]} Qc6 {[%clk 0:21:26]} 38. Ne3
{[%clk 0:00:52]} Qb6 {[%clk 0:20:38]} 39. g4 {[%clk 0:00:53]} Bc5
{[%clk 0:20:45]} 40. e6 {[%clk 0:31:12]} Bxe3+ {[%clk 0:51:07]} 41. Kh2
{[%clk 0:31:37]} Qxe6 {[%clk 0:43:37]} 0-1

[Event "WYCC Girls U14"]
[Site "Porto Carras"]
[Date "2015.10.28"]
[Round "4.11"]
[White "Balajayeva, Khanim"]
[Black "Sankova, Stella"]
[Result "1-0"]
[BlackElo "1857"]
[WhiteElo "2164"]
[LiveChessVersion "1.4.6"]

1. e4 {[%clk 1:30:58]} c5 {[%clk 1:30:54]} 2. c3 {[%clk 1:31:24]} Nf6
{[%clk 1:31:03]} 3. e5 {[%clk 1:31:49]} Nd5 {[%clk 1:31:22]} 4. d4
{[%clk 1:32:15]} cxd4 {[%clk 1:31:33]} 5. Nf3 {[%clk 1:32:41]} e6
{[%clk 1:31:17]} 6. cxd4 {[%clk 1:33:00]} d6 {[%clk 1:30:56]} 7. Bc4
{[%clk 1:33:09]} Nc6 {[%clk 1:30:24]} 8. O-O {[%clk 1:33:23]} Be7
{[%clk 1:29:59]} 9. exd6 {[%clk 1:25:30]} Qxd6 {[%clk 1:28:33]} 10. Nc3
{[%clk 1:25:57]} Nxc3 {[%clk 1:28:17]} 11. bxc3 {[%clk 1:26:11]} O-O
{[%clk 1:26:15]} 12. Re1 {[%clk 1:24:08]} b6 {[%clk 1:22:53]} 13. Ng5
{[%clk 1:18:43]} h6 {[%clk 1:04:20]} 14. Ne4 {[%clk 1:17:33]} Qc7
{[%clk 1:04:34]} 15. Bd3 {[%clk 1:03:32]} Rd8 {[%clk 1:00:12]} 16. Ng3
{[%clk 0:55:20]} e5 {[%clk 0:30:40]} 17. d5 {[%clk 0:53:27]} Rxd5
{[%clk 0:30:08]} 18. Bh7+ {[%clk 0:52:48]} Kxh7 {[%clk 0:29:29]} 19. Qxd5
{[%clk 0:53:14]} Be6 {[%clk 0:28:16]} 20. Qd3+ {[%clk 0:51:43]} g6
{[%clk 0:27:09]} 21. Qe3 {[%clk 0:47:21]} Bg5 {[%clk 0:25:58]} 22. Qf3
{[%clk 0:45:58]} f5 {[%clk 0:25:16]} 23. Bxg5 {[%clk 0:43:07]} hxg5
{[%clk 0:25:27]} 24. Ne2 {[%clk 0:35:56]} Rc8 {[%clk 0:21:01]} 25. Qg3
{[%clk 0:26:44]} Kh6 {[%clk 0:19:26]} 26. h4 {[%clk 0:25:47]} f4 {[%clk 0:17:04]}
27. Qxg5+ {[%clk 0:25:42]} Kg7 {[%clk 0:17:33]} 28. Nxf4 {[%clk 0:25:49]} 1-0

[Event "WYCC Girls U14"]
[Site "Porto Carras"]
[Date "2015.10.28"]
[Round "4.12"]
[White "Caballero Quijano, Mitzy Mishe"]
[Black "Sliwicka, Alicja"]
[Result "1-0"]
[BlackElo "2129"]
[WhiteElo "1848"]
[LiveChessVersion "1.4.6"]

1. Nf3 {[%clk 1:30:56]} Nf6 {[%clk 1:30:48]} 2. c4 {[%clk 1:31:16]} g6
{[%clk 1:30:26]} 3. g3 {[%clk 1:31:35]} Bg7 {[%clk 1:30:43]} 4. Bg2
{[%clk 1:32:00]} O-O {[%clk 1:29:41]} 5. O-O {[%clk 1:32:23]} d5 {[%clk 1:23:27]}
6. d3 {[%clk 1:26:41]} c5 {[%clk 1:22:25]} 7. Nc3 {[%clk 1:24:21]} d4
{[%clk 1:20:09]} 8. Na4 {[%clk 1:24:23]} Nfd7 {[%clk 1:14:49]} 9. a3
{[%clk 1:17:49]} e5 {[%clk 1:09:57]} 10. b4 {[%clk 1:12:58]} Qe7 {[%clk 1:05:56]}
11. bxc5 {[%clk 1:03:02]} Nxc5 {[%clk 1:01:16]} 12. Nxc5 {[%clk 1:02:59]} Qxc5
{[%clk 1:01:40]} 13. a4 {[%clk 1:01:40]} Qc7 {[%clk 0:59:58]} 14. Ba3
{[%clk 0:59:43]} Re8 {[%clk 0:59:56]} 15. Ng5 {[%clk 0:59:09]} h6
{[%clk 0:47:59]} 16. Ne4 {[%clk 0:59:21]} Rd8 {[%clk 0:47:51]} 17. Rb1
{[%clk 0:52:32]} Nc6 {[%clk 0:44:43]} 18. Qb3 {[%clk 0:47:34]} Rb8
{[%clk 0:42:15]} 19. Qb5 {[%clk 0:38:37]} Ne7 {[%clk 0:21:15]} 20. Qc5
{[%clk 0:30:23]} Nc6 {[%clk 0:20:53]} 21. Qb5 {[%clk 0:29:43]} Ne7
{[%clk 0:21:15]} 22. Bc5 {[%clk 0:24:59]} b6 {[%clk 0:19:29]} 23. a5
{[%clk 0:24:22]} f5 {[%clk 0:11:13]} 24. axb6 {[%clk 0:22:32]} axb6
{[%clk 0:11:31]} 25. Nd2 {[%clk 0:18:05]} Bd7 {[%clk 0:06:32]} 26. Bxb6
{[%clk 0:18:14]} Qc8 {[%clk 0:06:13]} 27. Qa5 {[%clk 0:13:36]} Re8
{[%clk 0:06:29]} 28. Bc7 {[%clk 0:09:42]} Rxb1 {[%clk 0:05:02]} 29. Rxb1
{[%clk 0:10:05]} Nc6 {[%clk 0:05:07]} 30. Qb6 {[%clk 0:10:11]} Qa8
{[%clk 0:04:19]} 31. c5 {[%clk 0:09:19]} Bf8 {[%clk 0:03:53]} 32. Bd5+
{[%clk 0:08:21]} Kh7 {[%clk 0:03:39]} 33. Nc4 {[%clk 0:07:49]} Qa4
{[%clk 0:02:59]} 34. Nd6 {[%clk 0:03:48]} Bxd6 {[%clk 0:03:01]} 35. Bxd6
{[%clk 0:04:15]} Rc8 {[%clk 0:01:49]} 36. Qb7 {[%clk 0:04:01]} Na5
{[%clk 0:02:15]} 37. Qb2 {[%clk 0:02:39]} Nc6 {[%clk 0:01:10]} 38. Ra1
{[%clk 0:02:49]} Qb4 {[%clk 0:01:36]} 39. Qxb4 {[%clk 0:02:22]} Nxb4
{[%clk 0:02:02]} 40. Bb7 {[%clk 0:31:20]} Re8 {[%clk 0:31:47]} 41. Rb1
{[%clk 0:29:56]} Nc6 {[%clk 0:30:10]} 42. Rb6 {[%clk 0:30:02]} Na7
{[%clk 0:27:58]} 43. Bd5 {[%clk 0:29:38]} Bc8 {[%clk 0:26:15]} 44. Bf7
{[%clk 0:29:18]} Rd8 {[%clk 0:24:47]} 45. Bb8 {[%clk 0:28:09]} Kg7
{[%clk 0:14:21]} 46. Bxg6 {[%clk 0:28:13]} Rd7 {[%clk 0:14:20]} 47. Bxe5+
{[%clk 0:27:21]} Kg8 {[%clk 0:14:31]} 48. Bxf5 {[%clk 0:27:25]} Rd5
{[%clk 0:14:39]} 49. Bxc8 {[%clk 0:24:49]} Rxe5 {[%clk 0:15:03]} 50. Bg4
{[%clk 0:24:30]} h5 {[%clk 0:14:39]} 51. Bh3 {[%clk 0:24:14]} 1-0

[Event "WYCC Girls U14"]
[Site "Porto Carras"]
[Date "2015.10.29"]
[Round "5.1"]
[White "Badelka, Olga"]
[Black "Vaishali, R"]
[Result "1/2-1/2"]
[BlackElo "2314"]
[WhiteElo "2145"]
[LiveChessVersion "1.4.6"]

1. c4 {[%clk 1:30:57]} Nf6 {[%clk 1:30:12]} 2. Nc3 {[%clk 1:31:15]} e5
{[%clk 1:30:38]} 3. a3 {[%clk 1:31:10]} Nc6 {[%clk 1:27:15]} 4. g3
{[%clk 1:27:02]} d5 {[%clk 1:24:00]} 5. cxd5 {[%clk 1:27:12]} Nxd5
{[%clk 1:24:27]} 6. Bg2 {[%clk 1:27:24]} Be6 {[%clk 1:24:52]} 7. d3
{[%clk 1:24:40]} Be7 {[%clk 1:23:55]} 8. Nf3 {[%clk 1:23:41]} O-O
{[%clk 1:22:12]} 9. O-O {[%clk 1:23:45]} f6 {[%clk 1:17:46]} 10. Bd2
{[%clk 1:17:19]} Qd7 {[%clk 1:13:59]} 11. Rc1 {[%clk 1:16:55]} Nxc3
{[%clk 1:10:35]} 12. Bxc3 {[%clk 1:16:23]} a5 {[%clk 1:10:42]} 13. h4
{[%clk 0:57:39]} Nd4 {[%clk 0:58:33]} 14. Nd2 {[%clk 0:53:48]} Ra7
{[%clk 0:38:54]} 15. Bxd4 {[%clk 0:36:29]} exd4 {[%clk 0:39:02]} 16. Ne4
{[%clk 0:35:16]} b6 {[%clk 0:36:52]} 17. Qd2 {[%clk 0:33:49]} h6 {[%clk 0:32:39]}
18. Qc2 {[%clk 0:31:52]} c5 {[%clk 0:30:12]} 19. a4 {[%clk 0:30:48]} f5
{[%clk 0:17:43]} 20. Nd2 {[%clk 0:31:05]} f4 {[%clk 0:16:41]} 21. Ne4
{[%clk 0:27:04]} Rc7 {[%clk 0:15:35]} 22. b3 {[%clk 0:25:07]} Bd5
{[%clk 0:13:10]} 23. Rb1 {[%clk 0:24:38]} Rc6 {[%clk 0:11:36]} 24. Kh2
{[%clk 0:22:30]} g5 {[%clk 0:05:30]} 25. hxg5 {[%clk 0:21:39]} hxg5
{[%clk 0:05:51]} 26. Rh1 {[%clk 0:21:44]} Qg4 {[%clk 0:03:11]} 27. Nf6+
{[%clk 0:17:39]} Rcxf6 {[%clk 0:03:39]} 28. Bxd5+ {[%clk 0:18:04]} Kg7
{[%clk 0:04:04]} 29. Kg2 {[%clk 0:17:29]} fxg3 {[%clk 0:02:40]} 30. f3
{[%clk 0:17:55]} Qf4 {[%clk 0:02:51]} 31. Be4 {[%clk 0:16:16]} Qe3
{[%clk 0:01:00]} 32. Rh7+ {[%clk 0:13:53]} Kg8 {[%clk 0:01:29]} 33. Kxg3
{[%clk 0:13:31]} Bd6+ {[%clk 0:01:29]} 34. Kg2 {[%clk 0:13:56]} g4
{[%clk 0:01:13]} 35. Rg1 {[%clk 0:05:10]} R8f7 {[%clk 0:00:46]} 36. Rxf7
{[%clk 0:03:49]} Kxf7 {[%clk 0:01:14]} 37. Rh1 {[%clk 0:02:19]} g3
{[%clk 0:00:51]} 38. Qc4+ {[%clk 0:02:02]} Re6 {[%clk 0:00:35]} 39. Rh7+
{[%clk 0:02:04]} Kf6 {[%clk 0:00:54]} 40. Qd5 {[%clk 0:30:45]} Qxe2+
{[%clk 0:30:36]} 41. Kh3 {[%clk 0:31:14]} Qh2+ {[%clk 0:21:19]} 42. Kg4
{[%clk 0:31:40]} Qxh7 {[%clk 0:21:42]} 43. Bxh7 {[%clk 0:31:55]} g2
{[%clk 0:22:09]} 44. Qg5+ {[%clk 0:31:12]} Kf7 {[%clk 0:22:37]} 45. Kh3
{[%clk 0:22:24]} g1=Q {[%clk 0:21:55]} 46. Qxg1 {[%clk 0:22:45]} Rh6+
{[%clk 0:22:21]} 47. Kg4 {[%clk 0:22:35]} Rxh7 {[%clk 0:22:49]} 48. Qe1
{[%clk 0:20:19]} Rh6 {[%clk 0:17:04]} 49. Qe4 {[%clk 0:18:08]} Rg6+
{[%clk 0:15:47]} 50. Kf5 {[%clk 0:14:28]} Rf6+ {[%clk 0:16:04]} 51. Kg5
{[%clk 0:14:50]} Be7 {[%clk 0:16:14]} 52. Kg4 {[%clk 0:10:32]} Rg6+
{[%clk 0:15:34]} 53. Kh3 {[%clk 0:09:41]} Rh6+ {[%clk 0:14:16]} 54. Kg2
{[%clk 0:10:04]} Rg6+ {[%clk 0:14:40]} 55. Kf2 {[%clk 0:10:12]} Rf6
{[%clk 0:14:42]} 56. f4 {[%clk 0:08:16]} Rh6 {[%clk 0:14:02]} 57. Qd5+
{[%clk 0:06:43]} Kf8 {[%clk 0:13:35]} 58. Kg3 {[%clk 0:04:14]} Kg7
{[%clk 0:11:02]} 59. Qb7 {[%clk 0:04:00]} Kf7 {[%clk 0:10:48]} 60. Qc7
{[%clk 0:02:24]} Re6 {[%clk 0:10:03]} 61. Kg4 {[%clk 0:02:18]} Rh6
{[%clk 0:06:42]} 62. Kf5 {[%clk 0:01:55]} Re6 {[%clk 0:06:03]} 63. Qb7
{[%clk 0:01:13]} Rh6 {[%clk 0:04:58]} 64. Ke4 {[%clk 0:01:06]} Rf6
{[%clk 0:04:56]} 65. f5 {[%clk 0:00:45]} Rd6 {[%clk 0:04:06]} 66. Ke5
{[%clk 0:00:54]} Rf6 {[%clk 0:04:16]} 67. Qd5+ {[%clk 0:00:42]} Ke8
{[%clk 0:03:51]} 68. Qg8+ {[%clk 0:00:49]} Kd7 {[%clk 0:04:19]} 69. Qg7
{[%clk 0:00:36]} Rd6 {[%clk 0:04:26]} 70. Qf7 {[%clk 0:00:39]} Kd8
{[%clk 0:03:49]} 71. Qg8+ {[%clk 0:00:49]} Kd7 {[%clk 0:04:16]} 72. Qb8
{[%clk 0:00:36]} Bf6+ {[%clk 0:04:11]} 73. Ke4 {[%clk 0:01:01]} Be7
{[%clk 0:03:21]} 74. Qb7+ {[%clk 0:01:09]} Ke8 {[%clk 0:03:42]} 75. Ke5
{[%clk 0:01:09]} Kf7 {[%clk 0:03:29]} 76. Qc7 {[%clk 0:01:13]} Rf6
{[%clk 0:03:32]} 77. Qd7 {[%clk 0:01:21]} 1/2-1/2

[Event "WYCC Girls U14"]
[Site "Porto Carras"]
[Date "2015.10.29"]
[Round "5.2"]
[White "Kalaiyalahan, Akshaya"]
[Black "Wang, Annie"]
[Result "1/2-1/2"]
[BlackElo "2087"]
[WhiteElo "2233"]
[LiveChessVersion "1.4.6"]

1. Nf3 {[%clk 1:30:55]} Nf6 {[%clk 1:30:48]} 2. g3 {[%clk 1:31:15]} e6
{[%clk 1:31:08]} 3. Bg2 {[%clk 1:31:33]} d5 {[%clk 1:31:23]} 4. c4
{[%clk 1:31:41]} Be7 {[%clk 1:31:32]} 5. O-O {[%clk 1:31:23]} O-O
{[%clk 1:31:50]} 6. d4 {[%clk 1:31:39]} dxc4 {[%clk 1:32:08]} 7. Qc2
{[%clk 1:31:43]} a6 {[%clk 1:32:27]} 8. Qxc4 {[%clk 1:31:51]} b5 {[%clk 1:32:45]}
9. Qc2 {[%clk 1:31:51]} Bb7 {[%clk 1:33:03]} 10. Bd2 {[%clk 1:31:54]} Ra7
{[%clk 1:33:20]} 11. a3 {[%clk 1:25:31]} Be4 {[%clk 1:30:44]} 12. Qc1
{[%clk 1:25:02]} Nc6 {[%clk 1:29:38]} 13. e3 {[%clk 1:23:22]} Qa8
{[%clk 1:25:31]} 14. Ne1 {[%clk 1:17:40]} Nb8 {[%clk 1:19:57]} 15. f3
{[%clk 1:17:22]} Bd5 {[%clk 1:20:08]} 16. Rf2 {[%clk 1:01:58]} Nbd7
{[%clk 1:13:23]} 17. e4 {[%clk 0:58:37]} Bb7 {[%clk 1:11:27]} 18. Be3
{[%clk 0:55:11]} Rc8 {[%clk 1:06:04]} 19. Rc2 {[%clk 0:55:05]} Qb8
{[%clk 1:02:18]} 20. Nd3 {[%clk 0:54:01]} a5 {[%clk 1:00:34]} 21. Nd2
{[%clk 0:53:50]} Ba6 {[%clk 0:53:54]} 22. b4 {[%clk 0:49:53]} Bb7
{[%clk 0:49:50]} 23. Nb3 {[%clk 0:39:13]} axb4 {[%clk 0:47:48]} 24. axb4
{[%clk 0:39:35]} Ra4 {[%clk 0:46:56]} 25. Na5 {[%clk 0:33:34]} Ba8
{[%clk 0:44:42]} 26. Nc5 {[%clk 0:23:01]} Nxc5 {[%clk 0:39:37]} 27. bxc5
{[%clk 0:23:27]} Qa7 {[%clk 0:38:16]} 28. Nb3 {[%clk 0:21:13]} Bc6
{[%clk 0:36:23]} 29. Rb1 {[%clk 0:20:15]} Ra8 {[%clk 0:31:29]} 30. g4
{[%clk 0:20:25]} Nd7 {[%clk 0:27:37]} 31. Qd1 {[%clk 0:19:35]} Qb7
{[%clk 0:26:02]} 32. Rd2 {[%clk 0:17:20]} Ra2 {[%clk 0:25:22]} 33. Rd3
{[%clk 0:17:21]} b4 {[%clk 0:15:47]} 34. d5 {[%clk 0:16:53]} exd5
{[%clk 0:15:40]} 35. exd5 {[%clk 0:17:07]} Bb5 {[%clk 0:16:02]} 36. Rd2
{[%clk 0:16:04]} Qb8 {[%clk 0:09:23]} 37. f4 {[%clk 0:15:03]} R8a3
{[%clk 0:09:29]} 38. Rxa2 {[%clk 0:12:56]} Rxa2 {[%clk 0:09:52]} 39. Qd4
{[%clk 0:06:55]} Ba4 {[%clk 0:08:25]} 40. c6 {[%clk 0:37:20]} Nb6
{[%clk 0:36:01]} 41. Nc5 {[%clk 0:33:23]} Rc2 {[%clk 0:32:38]} 42. Nxa4
{[%clk 0:29:37]} Nxa4 {[%clk 0:32:54]} 43. Qe4 {[%clk 0:29:49]} Bc5
{[%clk 0:22:46]} 44. Qxc2 {[%clk 0:28:34]} Bxe3+ {[%clk 0:23:09]} 45. Kh1
{[%clk 0:28:53]} Nb6 {[%clk 0:19:35]} 46. Rxb4 {[%clk 0:27:27]} h6
{[%clk 0:16:14]} 47. Qe4 {[%clk 0:23:05]} Bc5 {[%clk 0:15:34]} 48. Rb1
{[%clk 0:23:14]} Qc8 {[%clk 0:14:26]} 49. h3 {[%clk 0:22:50]} Qd8
{[%clk 0:12:25]} 50. Re1 {[%clk 0:21:10]} Qf6 {[%clk 0:08:11]} 51. Qe8+
{[%clk 0:19:28]} Kh7 {[%clk 0:08:31]} 52. Be4+ {[%clk 0:18:37]} g6
{[%clk 0:08:51]} 53. Bg2 {[%clk 0:16:29]} Bd6 {[%clk 0:08:18]} 54. Rf1
{[%clk 0:15:16]} Kg7 {[%clk 0:07:53]} 55. g5 {[%clk 0:13:59]} hxg5
{[%clk 0:07:19]} 56. fxg5 {[%clk 0:14:17]} Qe7 {[%clk 0:07:42]} 57. Qxe7
{[%clk 0:13:44]} Bxe7 {[%clk 0:08:06]} 58. Rb1 {[%clk 0:13:21]} Bd6
{[%clk 0:06:44]} 59. Be4 {[%clk 0:12:52]} Nc4 {[%clk 0:05:43]} 60. Kg2
{[%clk 0:11:51]} f6 {[%clk 0:04:24]} 61. h4 {[%clk 0:10:07]} fxg5
{[%clk 0:03:10]} 62. hxg5 {[%clk 0:10:30]} Ne5 {[%clk 0:03:17]} 63. Kh3
{[%clk 0:08:42]} Nf7 {[%clk 0:02:51]} 64. Rg1 {[%clk 0:08:14]} Be7
{[%clk 0:02:31]} 65. Kh4 {[%clk 0:07:27]} Nxg5 {[%clk 0:02:12]} 66. d6
{[%clk 0:05:29]} Nxe4+ {[%clk 0:01:35]} 67. dxe7 {[%clk 0:05:24]} Kf7
{[%clk 0:01:28]} 68. Rf1+ {[%clk 0:05:09]} Ke8 {[%clk 0:01:50]} 69. Re1
{[%clk 0:05:18]} Nd6 {[%clk 0:01:08]} 70. Kg5 {[%clk 0:05:08]} Kf7
{[%clk 0:01:29]} 71. Re2 {[%clk 0:04:10]} Ne8 {[%clk 0:01:29]} 72. Rd2
{[%clk 0:02:48]} Kxe7 {[%clk 0:01:15]} 73. Rd7+ {[%clk 0:02:46]} Ke6
{[%clk 0:00:59]} 74. Kxg6 {[%clk 0:03:07]} Nd6 {[%clk 0:01:12]} 75. Rxc7
{[%clk 0:03:21]} Kd5 {[%clk 0:01:34]} 76. Kg5 {[%clk 0:02:52]} Nb5
{[%clk 0:01:46]} 77. Rh7 {[%clk 0:02:21]} Kxc6 {[%clk 0:02:06]} 78. Kf4
{[%clk 0:02:38]} Kc5 {[%clk 0:01:52]} 79. Ke5 {[%clk 0:02:40]} Kc4
{[%clk 0:02:06]} 80. Rd7 {[%clk 0:02:39]} Kc5 {[%clk 0:02:19]} 81. Rd1
{[%clk 0:02:45]} Kc4 {[%clk 0:02:18]} 82. Rc1+ {[%clk 0:03:07]} Nc3
{[%clk 0:02:41]} 83. Rh1 {[%clk 0:03:22]} Nb5 {[%clk 0:03:02]} 84. Rh4+
{[%clk 0:03:43]} Kc5 {[%clk 0:03:27]} 85. Ke4 {[%clk 0:04:00]} Kc4
{[%clk 0:03:44]} 86. Rh5 {[%clk 0:04:14]} Nc3+ {[%clk 0:04:02]} 87. Ke3
{[%clk 0:04:40]} Nd5+ {[%clk 0:04:27]} 88. Kd2 {[%clk 0:05:06]} Nb4
{[%clk 0:04:53]} 89. Rh4+ {[%clk 0:05:31]} Kc5 {[%clk 0:05:20]} 90. Kc3
{[%clk 0:05:57]} Nd5+ {[%clk 0:05:42]} 91. Kd3 {[%clk 0:06:23]} Nb4+
{[%clk 0:06:09]} 92. Kd2 {[%clk 0:06:41]} Nd5 {[%clk 0:06:33]} 93. Kc2
{[%clk 0:06:51]} Nb4+ {[%clk 0:06:41]} 94. Kc3 {[%clk 0:07:01]} Nd5+
{[%clk 0:07:07]} 95. Kb3 {[%clk 0:07:27]} Nb6 {[%clk 0:07:23]} 96. Rh5+
{[%clk 0:07:08]} Nd5 {[%clk 0:07:45]} 97. Kc2 {[%clk 0:07:14]} Kc4
{[%clk 0:08:02]} 98. Kd2 {[%clk 0:07:25]} Nb4 {[%clk 0:08:24]} 99. Rh4+
{[%clk 0:07:41]} Kc5 {[%clk 0:08:47]} 100. Rg4 {[%clk 0:08:01]} Nd5
{[%clk 0:09:10]} 101. Rg5 {[%clk 0:08:11]} 1/2-1/2

[Event "WYCC Girls U14"]
[Site "Porto Carras"]
[Date "2015.10.29"]
[Round "5.3"]
[White "Sibajeva, Marija"]
[Black "Shuvalova, Polina"]
[Result "0-1"]
[BlackElo "2171"]
[WhiteElo "1930"]
[LiveChessVersion "1.4.6"]

1. e4 {[%clk 1:30:56]} e5 {[%clk 1:30:56]} 2. Nf3 {[%clk 1:31:06]} Nc6
{[%clk 1:31:24]} 3. Bb5 {[%clk 1:31:16]} a6 {[%clk 1:31:52]} 4. Ba4
{[%clk 1:31:42]} Nf6 {[%clk 1:32:15]} 5. d3 {[%clk 1:31:38]} d6 {[%clk 1:31:41]}
6. O-O {[%clk 1:29:29]} Be7 {[%clk 1:32:00]} 7. Re1 {[%clk 1:28:41]} O-O
{[%clk 1:32:07]} 8. c3 {[%clk 1:29:10]} Re8 {[%clk 1:24:42]} 9. Nbd2
{[%clk 1:29:19]} b5 {[%clk 1:24:25]} 10. Bc2 {[%clk 1:29:09]} Bf8
{[%clk 1:23:41]} 11. Nf1 {[%clk 1:27:46]} h6 {[%clk 1:13:47]} 12. Be3
{[%clk 1:26:30]} d5 {[%clk 1:12:55]} 13. exd5 {[%clk 1:21:56]} Nxd5
{[%clk 1:07:21]} 14. d4 {[%clk 1:15:50]} Nxe3 {[%clk 0:57:53]} 15. Rxe3
{[%clk 1:13:48]} exd4 {[%clk 0:57:51]} 16. Rxe8 {[%clk 1:13:40]} Qxe8
{[%clk 0:58:18]} 17. Nxd4 {[%clk 1:13:06]} Nxd4 {[%clk 0:54:40]} 18. Qxd4
{[%clk 1:13:02]} Bb7 {[%clk 0:54:07]} 19. Rd1 {[%clk 1:11:20]} Qc6
{[%clk 0:52:31]} 20. Qg4 {[%clk 1:09:03]} h5 {[%clk 0:49:53]} 21. Qh3
{[%clk 1:08:22]} Re8 {[%clk 0:45:18]} 22. f3 {[%clk 1:03:12]} Re2
{[%clk 0:39:25]} 23. Bb3 {[%clk 0:53:43]} Qb6+ {[%clk 0:31:06]} 24. Kh1
{[%clk 0:53:28]} Qf2 {[%clk 0:31:15]} 25. Qg3 {[%clk 0:51:56]} Qxg3
{[%clk 0:30:59]} 26. Nxg3 {[%clk 0:52:13]} Rxb2 {[%clk 0:31:11]} 27. Nxh5
{[%clk 0:49:33]} a5 {[%clk 0:22:09]} 28. Nf4 {[%clk 0:42:09]} a4 {[%clk 0:22:35]}
29. Nd3 {[%clk 0:40:39]} axb3 {[%clk 0:21:45]} 30. Nxb2 {[%clk 0:40:58]} bxa2
{[%clk 0:22:09]} 31. Nd3 {[%clk 0:40:10]} Ba3 {[%clk 0:19:01]} 32. Nb4
{[%clk 0:34:07]} Bxb4 {[%clk 0:18:52]} 33. cxb4 {[%clk 0:34:37]} c5
{[%clk 0:18:47]} 34. Ra1 {[%clk 0:34:35]} Bd5 {[%clk 0:18:49]} 35. bxc5
{[%clk 0:34:44]} b4 {[%clk 0:19:11]} 36. c6 {[%clk 0:33:47]} b3 {[%clk 0:19:39]}
37. c7 {[%clk 0:34:10]} Be6 0-1